[Event "2020 WA-BC Intermat"]
[Site "Chess.com"]
[Date "2020.04.25"]
[Round "1"]
[White "Merriman, Dann"]
[Black "Nookala, Abhiroop"]
[Result "1-0"]
[WhiteElo "1464"]
[BlackElo "516"]
[EventType "team"]

1.e4 e5 2.Nf3 d6 3.d4 f6 4.dxe5 fxe5 5.Bc4 Nc6 6.Ng5 Nh6 7.O-O Be7 8.Nf3 a6
9.Bxh6 gxh6 10.h3 b5 11.Bd5 Bb7 12.Qd2 Bf8 13.Nc3 Qe7 14.Ne2 O-O-O 15.a4 bxa4
16.Rxa4 Qd7 17.Rfa1 Re8 18.Qc3 Kd8 19.Bxc6 Qxc6 20.Qxc6 Bxc6 21.Rb4 d5 22.Rb8+
Kd7 23.Rxe8 Kxe8 24.Nxe5 Bb5 25.Nc3 d4 26.Nxb5 axb5 27.Nf3 c5 28.Ra8+ Kd7
29.Kf1 b4 30.Ke2 Kc6 31.Kd3 Kb7 32.Re8 Kc7 33.Ne5 h5 34.Kc4 h6 35.Nd3 Kc6
36.Nxc5 Kc7 37.Ne6+ Kd7 38.Rxf8 Rxf8 39.Nxf8+ Ke7 40.Ng6+ Kf6 41.Nf4 Kg5
42.Ne2 {#r} 1-0

[Event "2020 WA-BC Intermat"]
[Site "Chess.com"]
[Date "2020.04.25"]
[Round "2"]
[White "Deng, Jeffrey"]
[Black "Merriman, Dann"]
[Result "0-1"]
[WhiteElo "450"]
[BlackElo "1464"]
[EventType "team"]

1. e4 e5 2. Nf3 Nc6 3. Nc3 Nf6 4. d3 h6 5. Be2 Be7 6. O-O O-O 7. Be3 d6 8. Nd5
Be6 9. Nxe7+ Qxe7 10. a3 Rfe8 11. c3 Rad8 12. Qc2 d5 13. exd5 Nxd5 14. c4 Nxe3
15. fxe3 Qc5 16. d4 exd4 17. exd4 Nxd4 18. Nxd4 Rxd4 19. b4 Qb6 20. c5 Qc6 21.
b5 Qd7 22. a4 Rd2 23. Qe4 Bd5 24. Qb1 Rexe2 25. Re1 Rxg2+ 26. Kh1 Rxh2+ 27.
Kg1 Rdg2+ 28. Kf1 Rh1# 0-1

[Event "2020 WA-BC Intermat"]
[Site "Chess.com"]
[Date "2020.04.25"]
[Round "1"]
[White "Wang, Ted"]
[Black "Deng, Jeffrey"]
[Result "1-0"]
[WhiteElo "1280"]
[BlackElo "450"]
[EventType "team"]

1. e4 e5 2. Nf3 Nc6 3. Bc4 Nf6 4. Ng5 Qe7 5. Bxf7+ Kd8 6. Bb3 d6 7. Nf7+ Ke8
8. Nxh8 Be6 9. Ba4 g6 10. Bxc6+ bxc6 11. Nxg6 hxg6 12. Nc3 Bg7 13. d3 d5 14.
exd5 cxd5 15. Bg5 d4 16. Qf3 dxc3 17. Qxa8+ Kf7 18. bxc3 Qc5 19. O-O Qxc3 20.
Qxa7 Qxc2 21. Rac1 Qxd3 22. Rxc7+ Kg8 23. Rxg7+ Kf8 24. Qe7# 1-0

[Event "2020 WA-BC Intermat"]
[Site "Chess.com"]
[Date "2020.04.25"]
[Round "2"]
[White "Nookala, Abhiroop"]
[Black "Wang, Ted"]
[Result "1-0"]
[WhiteElo "516"]
[BlackElo "1280"]
[EventType "team"]

1. d4 Nf6 2. e3 g6 3. Bd3 Bg7 4. Nf3 O-O 5. O-O e6 6. Nc3 d5 7. Bd2 Nbd7 8.
Qe2 b6 9. Bb5 Bb7 10. Ne5 c5 11. Bxd7 Nxd7 12. Nxd7 Qxd7 13. Qd3 c4 14. Qe2 e5
15. dxe5 Bxe5 16. f4 Bg7 17. Rac1 Rfe8 18. a3 d4 19. Nd1 dxe3 20. Nxe3 Rad8
21. Rfd1 Bxb2 22. Bc3 Qe7 23. Rxd8 Bxc1 24. Rxe8+ Qxe8 25. Bd2 Bxd2 26. Qxd2
Qe4 27. g3 Qh1+ 28. Kf2 Qxh2+ 29. Ke1 Qxg3+ 30. Kd1 Qg1+ 31. Ke2 Qh2+ 32. Kd1
Bf3+ 33. Kc1 Qxd2+ 34. Kxd2 b5 35. c3 h5 36. Ke1 h4 37. Kf2 Bc6 38. Kg1 Kg7
39. Kh2 f6 40. Kh3 g5 41. Nf5+ Kg6 42. Ne7+ Kh5 43. Nxc6 g4+ 44. Kh2 h3 45.
Nd4 Kg6 46. Nxb5 Kf5 47. Nxa7 Kxf4 48. Nc6 Kg5 49. a4 Kh4 50. a5 g3+ 51. Kh1
h2 52. Kg2 f5 53. Ne5 Kg5 54. a6 Kf4 55. a7 Kxe5 56. a8=Q f4 57. Qe8+ Kf5 58.
Qf7+ Kg4 59. Qg6+ Kh4 60. Qh6+ Kg4 61. Qe6+ Kh4 62. Qxc4 Kg5 63. Qd5+ Kg4 64.
Qf3+ Kg5 65. Qd5+ Kg4 66. Qg8+ Kf5 67. Qh7+ Kg4 68. Qg6+ Kh4 69. Qf5 f3+ 70.
Qxf3 h1=Q+ 71. Kxh1 g2+ 72. Qxg2 Kh5 73. c4 Kh6 74. c5 Kh5 75. c6 Kh6 76. c7
Kh5 77. c8=Q Kh6 78. Qh8# 1-0

[Event "2020 WA-BC Intermat"]
[Site "Chess.com"]
[Date "2020.04.25"]
[Round "1"]
[White "Kona, Vidip"]
[Black "Low, Ethan"]
[Result "1-0"]
[WhiteElo "1621"]
[BlackElo "866"]
[EventType "team"]

1. e4 c5 2. Nf3 Nc6 3. d4 cxd4 4. Nxd4 g6 5. Be3 Bg7 6. c3 Nf6 7. Bd3 O-O 8.
O-O Nxd4 9. cxd4 d6 10. Nc3 e6 11. h3 d5 12. e5 Nd7 13. f4 f5 14. Nb5 Nb6 15.
Nd6 Qc7 16. Rc1 Qd7 17. Rc2 Qd8 18. g4 fxg4 19. hxg4 Bd7 20. Rg2 Qc7 21. f5
exf5 22. gxf5 Nc8 23. Nxc8 Qxc8 24. e6 Be8 25. Qg4 Qd8 26. Re1 Qa5 27. Bd2
Qxa2 28. fxg6 hxg6 29. Bxg6 Qxb2 30. Bh7+ Kh8 31. Qxg7# 1-0

[Event "2020 WA-BC Intermat"]
[Site "Chess.com"]
[Date "2020.04.25"]
[Round "2"]
[White "Zhang, Steven Y"]
[Black "Kona, Vidip"]
[Result "0-1"]
[WhiteElo "831"]
[BlackElo "1621"]
[EventType "team"]

1. e4 e6 2. d4 d5 3. e5 c5 4. c3 Nc6 5. Nf3 Qb6 6. Be2 Bd7 7. O-O Nge7 8. b3
Nf5 9. Bb2 a5 10. Na3 cxd4 11. cxd4 Bxa3 12. Bxa3 Nfxd4 13. Nxd4 Qxd4 14. Qxd4
Nxd4 15. Bd3 Bb5 16. Bxb5+ Nxb5 17. Bc5 Kd7 18. a4 Rhc8 19. Rfc1 Na7 20. Rc2
Rc6 21. Rac1 Rac8 22. Kf1 b6 23. Ke2 Rxc5 24. Rxc5 Rxc5 25. Rxc5 bxc5 26. Kd3
Nc6 27. f4 Nb4+ 28. Kc3 d4+ 29. Kc4 d3 30. Kc3 Kc6 31. Kd2 Kd5 32. Kc3 Ke4
{#R} 0-1

[Event "2020 WA-BC Intermat"]
[Site "Chess.com"]
[Date "2020.04.25"]
[Round "1"]
[White "Su, Alfred"]
[Black "Zhang, Steven Y"]
[Result "1-0"]
[WhiteElo "1340"]
[BlackElo "831"]
[EventType "team"]

1. e4 e5 2. Nf3 Nc6 3. Bc4 Bc5 4. c3 Nf6 5. d4 exd4 6. cxd4 Be7 7. Nc3 O-O 8.
O-O a6 9. e5 Ne8 10. d5 Nb4 11. a3 b5 12. Bb3 Nxd5 13. Bxd5 c6 14. Bb3 d6 15.
exd6 Nxd6 16. Bf4 Re8 17. Re1 Nb7 18. Qxd8 Nxd8 19. Bg5 Ne6 20. Bxe7 Rxe7 21.
Bxe6 Bxe6 22. Ng5 h6 23. Nxe6 Rxe6 24. Rxe6 fxe6 25. Re1 Kf7 26. h3 Kf6 27.
Kh2 e5 28. Kg3 Kf5 29. Kf3 h5 30. g4+ hxg4+ 31. hxg4+ Kf6 32. Kg3 g5 33. Ne4+
Kg6 34. Rd1 Re8 35. Rd6+ Kg7 36. Rxc6 a5 37. Nxg5 Rh8 38. Rc5 b4 39. Rxa5 bxa3
40. bxa3 Kf6 41. Ne4+ Ke6 42. f4 exf4+ 43. Kxf4 Rf8+ 44. Rf5 Ra8 45. g5 Rxa3
46. g6 Ra8 47. g7 Rg8 48. Rg5 Kf7 49. Nd6+ Kf6 50. Ne8+ Kf7 51. Nd6+ Kf6 52.
Nf5 Kf7 53. Ke5 Ke8 54. Kd6 Kd8 55. Ne7 Ke8 56. Nxg8 Kf7 57. Nh6+ Ke8 58.
g8=Q# 1-0

[Event "2020 WA-BC Intermat"]
[Site "Chess.com"]
[Date "2020.04.25"]
[Round "2"]
[White "Low, Ethan"]
[Black "Su, Alfred"]
[Result "1-0"]
[WhiteElo "866"]
[BlackElo "1340"]
[EventType "team"]

1. b3 e5 2. Bb2 Nc6 3. e3 d5 4. Bb5 Bd6 5. Bxc6+ bxc6 6. Nf3 Bg4 7. d3 Nf6 8.
Nbd2 O-O 9. Qc1 Bxf3 10. Nxf3 Re8 11. d4 exd4 12. Bxd4 c5 13. Bb2 d4 14. O-O
dxe3 15. fxe3 Ng4 16. Re1 c4 17. bxc4 Bc5 18. Bd4 Bxd4 19. exd4 Qd6 20. Qd2
Rad8 21. Re2 c5 22. Rae1 Re6 23. Qg5 Rxe2 24. Rxe2 Nf6 25. Qe5 Qxe5 26. dxe5
Nd7 27. Rd2 Kf8 28. Ng5 h6 29. Ne4 Ke7 30. Kf2 Nxe5 31. Rxd8 Kxd8 32. Nxc5
Nxc4 33. Kf3 Kc7 34. Ke4 Nd6+ 35. Kd5 g5 36. Ke5 f5 37. Ne6+ Kd7 38. Nd4 f4
39. Kf6 Nc4 40. Kg6 Ne3 41. Kxh6 Nxg2 42. Kxg5 Kd6 43. Ne2 f3 44. Ng3 f2 45.
Ne4+ Kd5 46. Nxf2 Kc4 47. Kg4 Ne3+ 48. Kf3 Nxc2 49. h4 Nd4+ 50. Kg4 Ne6 51. h5
Nf8 52. h6 Kc3 53. Ne4+ Kb2 54. Nf6 Kxa2 55. Kg5 Kb3 56. Nd7 Nh7+ 57. Kg6 a5
58. Kxh7 a4 59. Nc5+ Kb4 60. Nxa4 Kxa4 61. Kg7 {#r} 1-0

[Event "2020 WA-BC Intermat"]
[Site "Chess.com"]
[Date "2020.04.25"]
[Round "1"]
[White "Jammalamadaka, Vihaan"]
[Black "Wu, Nicholas P"]
[Result "1-0"]
[WhiteElo "1637"]
[BlackElo "1195"]
[EventType "team"]

1. d4 d5 2. c4 dxc4 3. e3 a6 4. Bxc4 e6 5. Nf3 c5 6. O-O Nf6 7. a4 Nc6 8. Nc3
Na5 9. Be2 b6 10. b3 Bb7 11. Bb2 Be7 12. Qc2 O-O 13. Rfd1 Qc7 14. Ne5 Rfd8 15.
Rd2 cxd4 16. exd4 Rac8 17. Rc1 Bd6 18. f4 Bb4 19. Qd1 Qe7 20. Bc4 Nc6 21. Nxc6
Rxc6 22. Qe2 Rcd6 23. Rcd1 Qd7 24. Rd3 Bxc3 25. Bxc3 b5 26. d5 exd5 27. Bxf6
Rxf6 28. Bxd5 Rd6 29. Bxf7+ Qxf7 30. Rxd6 Rxd6 31. Rxd6 Qxf4 32. Qe6+ Qf7 33.
Rd8# 1-0

[Event "2020 WA-BC Intermat"]
[Site "Chess.com"]
[Date "2020.04.25"]
[Round "2"]
[White "Yang, Nathan Y"]
[Black "Jammalamadaka, Vihaan"]
[Result "0-1"]
[WhiteElo "1070"]
[BlackElo "1637"]
[EventType "team"]

1. e4 c5 2. Nc3 e6 3. Bc4 Nc6 4. Nf3 Nf6 5. d3 d5 6. exd5 exd5 7. Bb3 Be7 8.
Bg5 Be6 9. h3 h6 10. Bf4 O-O 11. Ne2 a6 12. a4 Re8 13. O-O Bd6 14. Bxd6 Qxd6
15. d4 c4 16. Ba2 b5 17. axb5 axb5 18. b3 Nb4 19. Qb1 Bf5 20. Qb2 Rxe2 21.
Rfc1 Nd3 22. Qb1 Nxc1 23. Qxc1 Rxc2 24. Qf1 Raxa2 25. Rxa2 Rxa2 26. bxc4 Rb2
27. c5 Qc7 28. Ne1 Ne4 29. Qd3 Qf4 30. g3 Qxf2+ 31. Kh1 Qh2# 0-1

[Event "2020 WA-BC Intermat"]
[Site "Chess.com"]
[Date "2020.04.25"]
[Round "1"]
[White "Liu, Yuntao"]
[Black "Yang, Nathan Y"]
[Result "1-0"]
[WhiteElo "1408"]
[BlackElo "1070"]
[EventType "team"]

1. b3 d5 2. Bb2 Nc6 3. e3 Bf5 4. f4 e6 5. Bb5 Qd7 6. Nf3 a6 7. Ne5 Qd6 8. Ba3
Qd8 9. Nxc6 bxc6 10. Bxc6+ Qd7 11. Bxd7+ Kxd7 12. Bxf8 Rxf8 13. Nc3 Nf6 14.
Qe2 Bg4 15. Qxa6 Ra8 16. Qb5+ c6 17. Qb7+ Kd6 18. h3 Bh5 19. g4 Bg6 20. d3 h6
21. Ne2 Rhb8 22. Qxb8+ Rxb8 23. a4 c5 24. Nc3 Ne8 25. e4 dxe4 26. Nxe4+ Bxe4
27. dxe4 Kc6 28. O-O-O Nd6 29. e5 Ne4 30. Rhe1 Nf2 31. Rd6+ Kc7 32. Re3 f6 33.
exf6 Kxd6 34. fxg7 Rg8 35. Kd2 Kd5 36. Re5+ Kd6 37. Re3 Rxg7 38. Ke2 Nxg4 39.
hxg4 Rxg4 40. Kf3 Rg6 41. Re5 Kc6 42. Ke3 Rg3+ 43. Kd2 Kd6 44. a5 Rg4 45. Ke3
Rg7 46. c3 Rg3+ 47. Kd2 Rg2+ 48. Kd3 Rg3+ 49. Kc4 Rf3 50. Rxc5 Rxf4+ 51. Kb5
Kd7 52. a6 Rf8 53. Kb6 Rb8+ 54. Ka7 Rxb3 55. c4 Rb4 56. Rb5 Rxc4 57. Kb6 Rc6+
58. Ka7 Kd6 59. Rb6 h5 60. Rxc6+ Kxc6 61. Kb8 h4 62. a7 h3 63. a8=Q+ Kb6 64.
Qh1 e5 65. Qxh3 e4 66. Qe3+ Kc6 67. Qxe4+ Kd6 68. Kc8 Kc5 69. Qe6 Kb5 70. Kb7
Kb4 71. Qe5 Kc4 72. Kc6 Kd3 73. Qf4 Kc3 74. Kc5 Kd3 75. Qf3+ Kc2 76. Kc4 Kd2
77. Qd3+ Ke1 78. Qc2 Kf1 79. Kd3 Kg1 80. Ke3 Kh1 81. Kf3 Kg1 82. Qg2# 1-0

[Event "2020 WA-BC Intermat"]
[Site "Chess.com"]
[Date "2020.04.25"]
[Round "2"]
[White "Wu, Nicholas P"]
[Black "Liu, Yuntao"]
[Result "1-0"]
[WhiteElo "1195"]
[BlackElo "1408"]
[EventType "team"]

1. d4 Nf6 2. Bf4 d5 3. e3 c5 4. dxc5 e6 5. b4 a5 6. c3 b6 7. Bxb8 Rxb8 8. Bb5+
Nd7 9. c6 axb4 10. cxd7+ Bxd7 11. Bxd7+ Qxd7 12. cxb4 Bxb4+ 13. Nd2 O-O 14.
Ngf3 Qb5 15. Qe2 Bxd2+ 16. Qxd2 Rfc8 17. Nd4 Qc4 18. Nb3 Qg4 19. O-O Qg6 20.
Rfc1 h5 21. Rxc8+ Rxc8 22. Rc1 Rxc1+ 23. Qxc1 Qd3 24. h3 Qa6 25. Qb2 Qd3 26.
Nd4 Qd1+ 27. Kh2 Qa4 28. Qb3 Qa7 29. a4 Qc7+ 30. g3 h4 31. Qc2 hxg3+ 32. fxg3
Qe5 33. Qc8+ Kh7 34. Qc2+ Kg8 35. Qc3 Qf6 36. Kg2 Qg6 37. Qc8+ Kh7 38. Qc2
Qxc2+ 39. Nxc2 Kg6 40. Kf3 Kf5 41. Nd4+ Ke5 42. Nc6+ Kd6 43. Nd8 f6 44. Ke2 e5
45. Kd3 Kc5 46. Kc3 d4+ 47. exd4+ exd4+ 48. Kd3 Kb4 49. Kxd4 Kxa4 50. Nb7 b5
51. Nc5+ Kb4 52. Ne6 Kb3 53. Kd3 b4 54. Nd4+ Kb2 55. Kd2 g5 56. Nc6 b3 57. Nd4
f5 58. Nxb3 Kxb3 59. Kd3 f4 60. gxf4 gxf4 61. Ke4 Kc4 62. Kxf4 Kd5 63. Kf5 Kd6
64. Kf6 Kd5 65. h4 Ke4 66. h5 Kf4 67. h6 {#r} 1-0

[Event "2020 WA-BC Intermat"]
[Site "Chess.com"]
[Date "2020.04.25"]
[Round "1"]
[White "Lu, Yiding"]
[Black "Gao, Justin"]
[Result "0-1"]
[WhiteElo "1691"]
[BlackElo "1293"]
[EventType "team"]

1. e4 e5 2. Nf3 Nc6 3. Bc4 Bc5 4. c3 Nf6 5. d4 exd4 6. cxd4 Bb4+ 7. Bd2 Bxd2+
8. Nbxd2 d5 9. exd5 Nxd5 10. O-O O-O 11. Rc1 Nf6 12. Bb3 Bg4 13. h3 Bh5 14.
Rxc6 bxc6 15. Qc2 Bxf3 16. Nxf3 Qd6 17. Rc1 Rac8 18. Qxc6 h6 19. Qa4 Qb6 20.
Rc6 Qb7 21. Ra6 Ra8 22. Ne5 Qe4 23. Qc4 Qe1+ 24. Kh2 Qxf2 25. Ng6 Rae8 26.
Qxc7 Re1 27. Rxf6 Qxf6 28. Nxf8 Kxf8 29. Qb8+ Re8 30. Qc7 Qe7 31. Qf4 Rd8 32.
Kh1 f6 33. Qh4 Qc7 34. d5 Qc1+ 35. Kh2 Qxb2 36. Qb4+ Kg8 37. d6+ Kh8 38. d7
Qe5+ 39. Kh1 Rxd7 40. Qf8+ Kh7 41. Bc2+ g6 42. Bb3 Rg7 43. Bf7 Qc7 44. Bb3 Qe7
45. Qc8 h5 46. Be6 Qc7 47. Qe8 Qc1+ 48. Kh2 Qf4+ 49. Kh1 Qd6 50. Bf7 Qc7 51.
Bb3 Re7 52. Qg8+ Kh6 53. Qh8+ Kg5 54. h4+ Kf5 55. g4+ hxg4 56. Qh6 Re2 {#R}
0-1

[Event "2020 WA-BC Intermat"]
[Site "Chess.com"]
[Date "2020.04.25"]
[Round "2"]
[White "Mok, Erwin J"]
[Black "Lu, Yiding"]
[Result "0-1"]
[WhiteElo "1205"]
[BlackElo "1691"]
[EventType "team"]

1. d4 Nf6 2. Nf3 e6 3. e3 b6 4. Bd3 Bb7 5. Nbd2 c5 6. c3 d5 7. Qe2 Ne4 8. Bc2
Nxd2 9. Nxd2 Nc6 10. Nf3 Be7 11. a3 a5 12. Ba4 O-O 13. Bc2 Ba6 14. Bd3 Bxd3
15. Qxd3 f5 16. h3 h6 17. Nh2 Qc7 18. Ke2 Rf7 19. f4 g5 20. g3 Kh8 21. Nf3 Rg8
22. g4 gxf4 23. exf4 Bd6 24. Ne5 Nxe5 25. fxe5 Bf8 26. Qg3 cxd4 27. cxd4 Qc2+
28. Bd2 Qxb2 29. Qd3 Rc7 30. Rhb1 Qc2 31. Rxb6 fxg4 32. hxg4 Rxg4 33. Qxc2
Rxc2 34. Kd3 Rc4 35. Be3 Rg6 36. Rb8 Kg7 37. Rb7+ Kg8 38. Rb8 Rc7 39. Ra8 Rg3
40. Kd2 Rb7 41. Rf1 Rf7 42. Rxf7 Kxf7 43. Rxa5 h5 44. Ke1 Rxe3+ 45. Kf2 {#R}
0-1

[Event "2020 WA-BC Intermat"]
[Site "Chess.com"]
[Date "2020.04.25"]
[Round "1"]
[White "Yang, Alexander"]
[Black "Mok, Erwin J"]
[Result "1-0"]
[WhiteElo "1649"]
[BlackElo "1205"]
[EventType "team"]

1. d4 Nf6 2. c4 c5 3. d5 e6 4. Nc3 exd5 5. cxd5 d6 6. e4 g6 7. f4 Qe7 8. Nf3
Nxe4 9. Qa4+ Nd7 10. Qxe4 Bg7 11. Qxe7+ Kxe7 12. Bd2 Nb6 13. Bd3 Rg8 14. Kf2
Kd8 15. g3 Bxc3 16. Bxc3 Nxd5 17. Rhe1 a6 18. a4 b6 19. Be4 Bb7 20. Rad1 Nxc3
21. bxc3 Bxe4 22. Rxe4 Kc7 23. Re7+ Kc6 24. c4 Rgf8 25. Ng5 f6 26. Nf7 Rad8
27. Nxd8+ {#r} 1-0

[Event "2020 WA-BC Intermat"]
[Site "Chess.com"]
[Date "2020.04.25"]
[Round "2"]
[White "Gao, Justin"]
[Black "Yang, Alexander"]
[Result "0-1"]
[WhiteElo "1293"]
[BlackElo "1649"]
[EventType "team"]

1. d4 Nf6 2. c4 c5 3. e3 e6 4. Nf3 cxd4 5. exd4 d5 6. Nc3 Nc6 7. Bf4 Bd6 8.
Bxd6 Qxd6 9. c5 Qd8 10. Bb5 O-O 11. O-O Qc7 12. Bxc6 bxc6 13. Ne5 Nd7 14. f4
Nxe5 15. fxe5 Qe7 16. Qg4 f6 17. Rf3 fxe5 18. dxe5 Rxf3 19. Qxf3 Qxc5+ 20. Kh1
Bd7 21. Rf1 Rf8 22. Qxf8+ Qxf8 23. Rxf8+ Kxf8 24. Kg1 Kf7 25. Kf2 Kg6 26. g4
Kg5 27. Kf3 h5 28. gxh5 Kf5 29. Ne2 Kxe5 30. Kg4 Kf6 31. Kf4 e5+ 32. Ke3 c5
33. h4 d4+ 34. Ke4 Bc6+ 35. Kd3 e4+ 36. Kd2 e3+ 37. Kc2 Be4+ 38. Kd1 Bf3 39.
Ke1 d3 40. Kd1 Bxe2+ 41. Ke1 Bxh5 42. Kf1 d2 43. Kg2 d1=Q 44. Kg3 Qf3+ 45. Kh2
Qf2+ 46. Kh3 Kf5 47. b4 Bg4# 0-1

[Event "2020 WA-BC Intermat"]
[Site "Chess.com"]
[Date "2020.04.25"]
[Round "1"]
[White "Harish, Neeraj"]
[Black "Li, Anthony Z"]
[Result "1/2-1/2"]
[WhiteElo "1849"]
[BlackElo "1172"]
[EventType "team"]

1. e4 c5 2. Nf3 Nc6 3. d4 cxd4 4. Nxd4 g6 5. c4 Bg7 6. Be3 Nf6 7. Nc3 O-O 8.
Be2 d6 9. O-O Bd7 10. Qd2 Rc8 11. f3 Qc7 12. Rac1 Rfd8 13. Rfd1 a6 14. Bf1 Ne5
15. b3 Be8 16. Nd5 Nxd5 17. cxd5 Qd7 18. Nc2 f5 19. Bb6 fxe4 20. fxe4 Qg4 21.
Qe2 Qxe2 22. Bxe2 Rd7 23. Bd4 Rdc7 24. Bxe5 Bxe5 25. Bg4 Bd7 26. Bxd7 Rxd7 27.
Ne3 Rdc7 28. Rxc7 Rxc7 29. Nc4 Bc3 30. Rd3 Bb4 31. Kf1 b5 32. Ne3 Rc1+ 33. Rd1
Rxd1+ 34. Nxd1 Bc5 35. Ke2 Kf7 36. Kd3 Kf6 37. Nc3 Ke5 38. Ne2 h6 39. Ng3 Bd4
40. Ne2 Bc5 41. Ng3 Bg1 42. h3 Bd4 43. Ne2 Bc5 44. Ng3 Bd4 45. Ne2 Bc5 {#d}
1/2-1/2

[Event "2020 WA-BC Intermat"]
[Site "Chess.com"]
[Date "2020.04.25"]
[Round "2"]
[White "Boroomand, Arya C"]
[Black "Harish, Neeraj"]
[Result "0-1"]
[WhiteElo "1018"]
[BlackElo "1849"]
[EventType "team"]

1. e4 c5 2. Nc3 Nc6 3. d3 e5 4. g3 g6 5. Bg2 Bg7 6. f4 d6 7. h3 Nge7 8. Nf3
O-O 9. g4 Nd4 10. f5 Nec6 11. a3 Nxf3+ 12. Qxf3 Qh4+ 13. Kd1 Nd4 14. Qe3 Bd7
15. Rf1 gxf5 16. exf5 f6 17. Bxb7 Rab8 18. Bg2 Be8 19. Nd5 Bb5 20. b3 a5 21.
a4 Be8 22. Rg1 Bf7 23. Bh1 h6 24. Ne7+ Kh7 25. Be4 Rbd8 26. Ng6 Bxg6 27. fxg6+
Kh8 28. Bd2 d5 29. Bf5 Nxf5 30. gxf5 Qh5+ 31. Kc1 Qxf5 32. Bxa5 Rc8 33. c4 d4
34. Qg3 Rb8 35. Kb2 Rb7 36. Ka3 Rfb8 37. Rab1 Qh5 38. Qg4 Qxg4 39. Rxg4 f5 40.
Rgg1 e4 41. dxe4 fxe4 42. Rgf1 d3 43. Rfe1 Re8 44. Rbd1 Reb8 45. Rb1 Re7 46.
Rbd1 Rbe8 47. Bb6 Bd4 48. a5 Bf2 49. Rf1 Bd4 50. Rfe1 Re5 51. Bc7 R5e7 52. Bg3
Bc3 53. Rf1 Ra8 54. b4 cxb4+ 55. Kb3 Rxa5 56. c5 Rxc5 57. Bd6 Rce5 58. Bxe7
Rxe7 59. h4 e3 60. Rxd3 e2 61. Rd8+ Kg7 62. Rg1 e1=Q 63. Rxe1 Rxe1 64. h5 Re7
65. Rd5 Kf6 66. Kc4 Rc7+ 67. Kb3 Ke6 68. Ra5 Kf6 69. Ka4 Rb7 70. Kb3 Be5 71.
Rc5 Kf5 72. Rd5 Kf4 73. Rc5 Bc3 74. Rd5 Kg4 75. Rc5 Bd2 76. Rd5 Bg5 77. Rb5
Rxb5 78. g7 Rb8 79. g8=R Rxg8 80. Kxb4 Kxh5 81. Kc4 Kg4 82. Kd3 Kf3 83. Kd4
Re8 84. Kd5 Kf4 85. Kd4 Rd8+ 86. Kc4 Ke3 87. Kc3 Rc8+ 88. Kb3 Kd4 89. Kb2 Kd3
90. Kb1 Kd2 91. Kb2 Rb8+ 92. Ka3 Kc2 93. Ka4 Kc3 94. Ka5 Kc4 95. Ka6 Kc5 96.
Ka7 Rb1 97. Ka6 Rb2 98. Ka7 Kc6 99. Ka8 Kc7 100. Ka7 Ra2# 0-1

[Event "2020 WA-BC Intermat"]
[Site "Chess.com"]
[Date "2020.04.25"]
[Round "1"]
[White "Bian, Erin"]
[Black "Boroomand, Arya C"]
[Result "1-0"]
[WhiteElo "1765"]
[BlackElo "1018"]
[EventType "team"]

1. e4 e5 2. Nf3 Nc6 3. Bb5 d6 4. d4 exd4 5. Nxd4 Bd7 6. Nxc6 bxc6 7. Bc4 g6 8.
O-O Bg7 9. Nc3 h6 10. f4 Ne7 11. f5 gxf5 12. Qh5 Ng6 13. Bxf7+ Kxf7 14. exf5
Bxf5 15. Rxf5+ Bf6 16. Ne4 Qe7 17. Rxf6+ Ke8 18. Qxg6+ Kd8 19. Bd2 Kc8 20. Re1
Qd8 21. Qf5+ Kb7 22. Re3 Rb8 23. Rb3+ Ka8 24. Rxb8+ Qxb8 25. Bc3 Qb6+ 26. Qf2
Qb8 27. Qd4 Qd8 28. Rxd6 cxd6 29. Qxh8 Qxh8 30. Bxh8 d5 31. Ng3 c5 32. Bg7 d4
33. Bxh6 c4 34. Kf2 a5 35. Bg7 d3 36. cxd3 cxd3 37. Ke3 d2 38. Kxd2 a4 39. h4
a3 40. bxa3 Kb7 41. h5 Kb6 42. h6 Kb5 43. h7 Ka4 44. h8=Q Kb5 45. Qe8+ Kc4 46.
Qc6# 1-0

[Event "2020 WA-BC Intermat"]
[Site "Chess.com"]
[Date "2020.04.25"]
[Round "2"]
[White "Li, Anthony Z"]
[Black "Bian, Erin"]
[Result "0-1"]
[WhiteElo "1172"]
[BlackElo "1765"]
[EventType "team"]

1. d4 Nf6 2. c4 e6 3. Nc3 Bb4 4. Bd2 c5 5. Nf3 Nc6 6. e3 O-O 7. a3 Bxc3 8.
Bxc3 cxd4 9. Nxd4 d5 10. Bd3 dxc4 11. Bxc4 Nxd4 12. Bxd4 b5 13. Bxb5 Qa5+ 14.
Qd2 Qxb5 15. Rc1 Ba6 16. h4 Ne4 17. Qd1 Qd3 18. Qxd3 Bxd3 19. Rd1 Bc2 20. Rc1
Rfc8 21. Ke2 f6 22. Bc3 Nxc3+ 23. bxc3 Rxc3 24. Kd2 Rac8 25. Rhe1 R3c4 26. g3
Be4 27. Rxc4 Rxc4 28. Kd1 Ra4 29. Kd2 Rxa3 30. Rc1 Rd3+ 31. Ke2 Rd8 32. Ra1
Ra8 33. Kd2 a5 34. Kc3 e5 35. Kc4 Kf7 36. Kb5 Ke6 37. Rxa5 Rxa5+ 38. Kxa5 Kf5
39. Kb5 Kg4 40. Kc4 Kf3 41. Kc3 Kxf2 42. Kd2 Kxg3 43. Ke1 Kxh4 44. Kf1 Kg3 45.
Kg1 h5 46. Kf1 h4 47. Kg1 Kf3 48. Kf1 Kxe3 49. Kg1 g5 50. Kh2 g4 51. Kg1 g3
52. Kf1 h3 53. Kg1 h2+ 54. Kf1 h1=Q# 0-1

[Event "2020 WA-BC Intermat"]
[Site "Chess.com"]
[Date "2020.04.25"]
[Round "1"]
[White "Goktepe, Derin"]
[Black "Yang, Jingyun"]
[Result "1-0"]
[WhiteElo "1930"]
[BlackElo "1812"]
[EventType "team"]

1. d4 d5 2. c4 e6 3. Nc3 c6 4. e3 Nf6 5. b3 Bb4 6. Bb2 Ne4 7. Qc2 Nxc3 8. Bxc3
Bd6 9. Bd3 h6 10. Ne2 Nd7 11. O-O Nf6 12. Ng3 h5 13. Rfe1 h4 14. Nf1 h3 15. g3
Bd7 16. Nd2 Qe7 17. e4 dxe4 18. Nxe4 Nxe4 19. Bxe4 Kd8 20. d5 Qg5 21. dxc6
bxc6 22. Rad1 Kc7 23. Qd3 Qe7 24. Ba5+ Kc8 25. Qxd6 Qxd6 26. Rxd6 f5 27. Bxc6
Bxc6 28. Rxc6+ Kb7 29. Rcxe6 g5 30. R1e5 f4 31. Rxg5 f3 32. Rg7+ Kb8 33. Ree7
a6 34. Rb7+ Kc8 35. Rgc7+ Kd8 36. Rh7+ Kc8 37. Rbc7+ Kb8 38. Rxh8# 1-0

[Event "2020 WA-BC Intermat"]
[Site "Chess.com"]
[Date "2020.04.25"]
[Round "2"]
[White "Zhou, Zhengyuan"]
[Black "Goktepe, Derin"]
[Result "1-0"]
[WhiteElo "1434"]
[BlackElo "1930"]
[EventType "team"]

1. e4 e5 2. Nf3 Nc6 3. Bb5 a6 4. Bxc6 dxc6 5. Nxe5 Qd4 6. Nf3 Qxe4+ 7. Qe2
Qxe2+ 8. Kxe2 Bf5 9. d3 O-O-O 10. Re1 Nf6 11. Nc3 Bc5 12. Kf1 h6 13. Be3 Bd6
14. Kg1 Rhe8 15. h3 Bh7 16. Bd4 Re6 17. Rxe6 fxe6 18. Re1 Kd7 19. Ne2 Rf8 20.
Bc3 c5 21. d4 Bxc2 22. dxc5 Bxc5 23. Rc1 Be4 24. Bxf6 Bb6 25. Bd4 Bxf3 26.
gxf3 Rxf3 27. Kg2 Rf7 28. Bxb6 cxb6 29. Rd1+ Kc7 30. Nd4 Rf6 31. Re1 Kd6 32.
Re3 e5 33. Nf3 Rf5 34. Kg3 g6 35. Nd2 Rf4 36. Ne4+ Kd5 37. Nc3+ Kd6 38. Rd3+
Ke6 39. Ne2 Rc4 40. Rc3 Re4 41. Re3 Rc4 42. b3 Rc7 43. f4 Rc5 44. fxe5 Rxe5
45. Nf4+ Kf5 46. Rxe5+ Kxe5 47. Nxg6+ Kf5 48. Ne7+ Ke6 49. Nc8 b5 50. Kg4 Kd7
51. Nb6+ Kc6 52. Na8 b6 53. Kh5 Kb7 54. Nxb6 Kxb6 55. Kxh6 Ka5 56. h4 Kb4 57.
h5 Ka3 58. Kg5 Kxa2 59. h6 a5 60. h7 a4 61. bxa4 bxa4 62. h8=Q a3 63. Qc3 Kb1
64. Qxa3 {#r} 1-0

[Event "2020 WA-BC Intermat"]
[Site "Chess.com"]
[Date "2020.04.25"]
[Round "1"]
[White "Velea, Sophie"]
[Black "Zhou, Zhengyuan"]
[Result "1-0"]
[WhiteElo "1886"]
[BlackElo "1434"]
[EventType "team"]

1. e4 c5 2. Nf3 d6 3. Bb5+ Bd7 4. Bxd7+ Qxd7 5. O-O Nc6 6. c3 Nf6 7. Re1 e6 8.
d4 cxd4 9. cxd4 Be7 10. Nc3 O-O 11. Bg5 h6 12. Bh4 Rac8 13. h3 Na5 14. Qe2 Nc4
15. Rad1 Qc7 16. Rc1 Qd7 17. Bg3 a6 18. Red1 Rfd8 19. e5 Ne8 20. exd6 Nexd6
21. Bxd6 Bxd6 22. Ne5 Bxe5 23. dxe5 Qc7 24. Rxd8+ Qxd8 25. Kh1 Nb6 26. Rd1 Qc7
27. f4 Qc6 28. Rd6 Qc7 29. Rd1 Qc6 30. Qf2 Qc7 31. Ne4 Nd5 32. Nd6 Rd8 33. Qd2
Ne7 34. Rc1 Qb6 35. Qc2 Qc6 36. Qxc6 bxc6 37. Rc5 Rb8 38. b3 Rb6 39. g3 Nf5
40. Nxf5 exf5 41. Rc4 Kh7 42. Rd4 a5 43. Rd7 Kg8 44. Rc7 Kf8 45. Kg2 Ra6 46.
Kf3 a4 47. b4 a3 48. Rb7 Ke8 49. Ke3 Kf8 50. Kd4 Ke8 51. Kc5 Kf8 52. Rc7 Ke8
53. Rxc6 Rxc6+ 54. Kxc6 Kd8 55. Kb5 Kd7 56. Ka4 g5 57. Kxa3 Ke6 58. Kb3 Kd5
59. b5 Ke4 60. b6 gxf4 61. gxf4 Kxf4 62. b7 Kxe5 63. b8=Q+ Kf6 64. Qf4 Kg6 65.
a3 Kf6 66. a4 Ke6 67. a5 Kd7 68. a6 Kc8 69. a7 Kb7 70. Qb8+ Kc6 71. a8=Q+ Kc5
72. Qb4# 1-0